LIBRARY & INFORMATION CENTRE, KCAET, TAVANUR

ONLINE PUBLIC ACCESS CATALOGUE (OPAC)

Kamalathintachan / (Record no. 12576)

MARC details
000 -LEADER
fixed length control field 00439cam a2200181ua 4500
041 ## - LANGUAGE CODE
Language code of text/sound track or separate title mal
082 ## - DEWEY DECIMAL CLASSIFICATION NUMBER
Classification number 894.812301
Item number KUN/KA
100 ## - MAIN ENTRY--AUTHOR NAME
Personal name Kunhunnimenon, K K .
245 ## - TITLE STATEMENT
Title Kamalathintachan /
250 ## - EDITION STATEMENT
Edition statement 3 /
260 ## - PUBLICATION, DISTRIBUTION, ETC. (IMPRINT)
Place of publication Champakulam :
Name of publisher B K M Book depot ,
Year of publication 1961.
300 ## - PHYSICAL DESCRIPTION
Number of Pages 52 ; .
942 ## - ADDED ENTRY ELEMENTS (KOHA)
Koha item type Books
Holdings
Withdrawn status Lost status Damaged status Home library Current library Date acquired Cost, normal purchase price Full call number Accession Number Koha item type
Withdrawn     KAUAET KAUAET 07/04/2012 0.60 894.812301 1477 Books
free website counter